000 00496nam a2200169Ia 4500
999 _c35254
_d35254
003 OSt
005 20201217110948.0
008 190216s9999||||xx |||||||||||||| ||und||
040 _coclc
082 _a492.732
_bELI/E
100 _aElias, Elias A
_97618
245 0 _aElias Modern Dictionary English Arabic /
_cElias A Elias
260 _bLibrairie Oriental Publishers,
300 _a234p
650 _aDictionaries
942 _cREF
_2ddc
_h492.732
_iELI/E
_k492.732
_mELI/E